header

Deliver us from evil (Record no. 254629)

MARC details
000 -LEADER
fixed length control field 00414nam a22001577a 4500
003 - CONTROL NUMBER IDENTIFIER
control field OSt
005 - DATE AND TIME OF LATEST TRANSACTION
control field 20160623144754.0
008 - FIXED-LENGTH DATA ELEMENTS--GENERAL INFORMATION
fixed length control field 160623b xxu||||| |||| 00| 0 eng d
020 ## - INTERNATIONAL STANDARD BOOK NUMBER
International Standard Book Number 0060582510
040 ## - CATALOGING SOURCE
Transcribing agency N/A
050 ## - LIBRARY OF CONGRESS CALL NUMBER
Classification number PS 3552
Item number .A446 2004
100 ## - MAIN ENTRY--PERSONAL NAME
Personal name Sean Hannity
245 ## - TITLE STATEMENT
Title Deliver us from evil
Remainder of title defeating terrorism,despotism and liberalism
260 ## - PUBLICATION, DISTRIBUTION, ETC. (IMPRINT)
Place of publication, distribution, etc new york
Name of publisher, distributor, etc HarperCollins
942 ## - ADDED ENTRY ELEMENTS (KOHA)
Source of classification or shelving scheme Library of Congress Classification
Koha item type Long Loan Books
Holdings
Withdrawn status Lost status Source of classification or shelving scheme Damaged status Not for loan Collection code Home library Current library Shelving location Date acquired Total Checkouts Full call number Barcode Date last seen Price effective from Koha item type
    Library of Congress Classification     Non-fiction Rongo University Library Rongo University Library General Stacks 23/06/2016   PS 3552 .A446 2004 201613057 23/06/2016 23/06/2016 Long Loan Books

© 2026 Rongo University
Contact us: librarian | system librarian | Rongo university